000 00835nam a2200253 i 4500
001 16070
003 ES-MaACL
005 20230906151234.0
007 t|
008 000621s2000 sp ||||1| spa d
020 _a84-8442-025-6
080 _a347.91/95(460)
245 0 3 _aEl nuevo proceso civil
_b: (Ley 1/2000) /
_cJuan Montero Aroca... [et al.].
260 _aValencia :
_bTirant lo Blanch,
_c2000.
300 _a902 p. ;
_c25 cm.
490 1 _aTirant lo Blanch tratados
650 4 _aProcedimiento civil-
_zEspaña.
_916420
700 1 _aMontero Aroca, Juan.
_982507
710 1 _aEspaña.
_tLey de enjuiciamiento civil, 2000.
_9197341
740 0 _aLey 1/2000, de 7 de enero, de Enjuiciamiento Civil.
830 0 _aTirant lo Blanch tratados
_9228622
852 _aES-MaACL
_jL-23263
_bR.128613
999 _c16070
_d16070